El alma de Chile
Salvato in:
| Autori principali: | , |
|---|---|
| Natura: | Libro |
| Lingua: | spagnolo |
| Pubblicazione: |
Santiago
CIEPLAN
1986
|
| Soggetti: | |
| Tags: |
Aggiungi Tag
Nessun Tag, puoi essere il primo ad aggiungerne!!
|
MARC
| LEADER | 00000nam a2200000 a 4500 | ||
|---|---|---|---|
| 001 | UCW9820 | ||
| 003 | CL-VaPUC | ||
| 008 | 890621e19860000CL |||||||||||||||||spa|d | ||
| 082 | 0 | 4 | |a 261.7 |b SIL |2 21 |
| 100 | |a Silva Henríquez, Raúl |e author |9 257779 | ||
| 700 | 0 | |a Precht Bañados, Cristián |e author |9 315268 | |
| 245 | 1 | 3 | |a El alma de Chile |
| 300 | |a 101 p | ||
| 942 | |c BK | ||
| 945 | |d 19890621 00:00:00 | ||
| 260 | |a Santiago |b CIEPLAN |c 1986 | ||
| 650 | 0 | |a Solidaridad |9 259208 | |
| 650 | 0 | |a Aspectos religiosos |9 257320 | |
| 650 | 0 | |a Cristianismo |9 257361 | |
| 650 | 7 | |a CARACTERISTICAS NACIONALES |2 CL-VaPUC |9 258185 | |
| 651 | 7 | |a CHILE |2 CL-VaPUC |9 315269 | |
| 583 | |a last modification |c 19890621 00:00:00 |k Rodrigo Vera | ||
| 999 | |c 221698 |d 221696 | ||
| 952 | |0 0 |1 0 |4 0 |6 261_700000000000000_SIL_1986 |7 0 |8 A |9 215439 |a BIBENE |b BIBENE |d 2019-11-15 |i 2838494 |o 261.7 SIL 1986 |p 2838494 |r 2025-01-15 |w 2019-11-15 |y BK |k ICO | ||
| 952 | |0 0 |1 0 |4 0 |6 261_700000000000000_SIL_1986 |7 0 |8 A |9 215440 |a BIBTEO |b BIBTEO |d 2019-11-15 |i 3383024 |o 261.7 SIL 1986 |p 3383024 |r 2025-01-17 |w 2019-11-15 |y BK |k ICR | ||